<?xml version="1.0" encoding="UTF-8"?>
<record
    xmlns:xsi="http://www.w3.org/2001/XMLSchema-instance"
    xsi:schemaLocation="http://www.loc.gov/MARC21/slim http://www.loc.gov/standards/marcxml/schema/MARC21slim.xsd"
    xmlns="http://www.loc.gov/MARC21/slim">

  <leader>02783ngm a2200445   4500</leader>
  <controlfield tag="003">dpl</controlfield>
  <controlfield tag="005">20081125105522.0</controlfield>
  <controlfield tag="007">DVD </controlfield>
  <controlfield tag="008">||||||sp199   xxu|||||c |||  00| 0 ng d </controlfield>
  <datafield tag="010" ind1=" " ind2=" ">
    <subfield code="a">DVD-001334-1336 &amp; DVD4749-4753</subfield>
  </datafield>
  <datafield tag="024" ind1=" " ind2=" ">
    <subfield code="a">SHE DVD 030</subfield>
    <subfield code="c">169.00</subfield>
  </datafield>
  <datafield tag="035" ind1=" " ind2=" ">
    <subfield code="a">DVD-001334-1336</subfield>
  </datafield>
  <datafield tag="035" ind1=" " ind2=" ">
    <subfield code="a">DVD-004749-4753</subfield>
  </datafield>
  <datafield tag="040" ind1=" " ind2=" ">
    <subfield code="a">DPL</subfield>
    <subfield code="c">DPL</subfield>
  </datafield>
  <datafield tag="082" ind1=" " ind2=" ">
    <subfield code="a">DVD / JAWE</subfield>
  </datafield>
  <datafield tag="245" ind1=" " ind2=" ">
    <subfield code="a">Jawel Thief</subfield>
    <subfield code="c">Nav Ketan Presents</subfield>
    <subfield code="h">[videorecording] DVD/</subfield>
  </datafield>
  <datafield tag="260" ind1=" " ind2=" ">
    <subfield code="b">Shemaroo Video Pvt. Ltd.</subfield>
  </datafield>
  <datafield tag="300" ind1=" " ind2=" ">
    <subfield code="a">1 videodisc DVD; (179 min.) :</subfield>
    <subfield code="b">sd., col. ;</subfield>
    <subfield code="c">4 3/4 in.</subfield>
    <subfield code="f">DVD</subfield>
  </datafield>
  <datafield tag="440" ind1=" " ind2=" ">
    <subfield code="a">Shemaroo Home Entertainment</subfield>
  </datafield>
  <datafield tag="538" ind1=" " ind2=" ">
    <subfield code="a">Dolby Digital 5.1 - Hindi Subtitles: English, Tamil, Telugu and Bengali</subfield>
  </datafield>
  <datafield tag="538" ind1=" " ind2=" ">
    <subfield code="a">Anamorphic Wide Screen Format, Presented 2:35.1 Aspect Ratio Enhancaead for 16:9 Wide Screen</subfield>
  </datafield>
  <datafield tag="650" ind1=" " ind2=" ">
    <subfield code="a">Motion Picture</subfield>
  </datafield>
  <datafield tag="700" ind1=" " ind2=" ">
    <subfield code="a">Anand, Dev</subfield>
  </datafield>
  <datafield tag="700" ind1=" " ind2=" ">
    <subfield code="a">Anand, Vijay</subfield>
  </datafield>
  <datafield tag="700" ind1=" " ind2=" ">
    <subfield code="a">Ashok Kumar</subfield>
  </datafield>
  <datafield tag="700" ind1=" " ind2=" ">
    <subfield code="a">Vyjayantimala</subfield>
  </datafield>
  <datafield tag="700" ind1=" " ind2=" ">
    <subfield code="a">Tanuja</subfield>
  </datafield>
  <datafield tag="700" ind1=" " ind2=" ">
    <subfield code="a">Burman, S. D. </subfield>
  </datafield>
  <datafield tag="942" ind1=" " ind2=" ">
    <subfield code="c">CF</subfield>
    <subfield code="2">ddc</subfield>
    <subfield code="h">DVD</subfield>
    <subfield code="m">JEWE</subfield>
  </datafield>
  <datafield tag="999" ind1=" " ind2=" ">
    <subfield code="c">19059</subfield>
    <subfield code="d">19059</subfield>
  </datafield>
  <datafield tag="952" ind1=" " ind2=" ">
    <subfield code="0">0</subfield>
    <subfield code="1">0</subfield>
    <subfield code="2">ddc</subfield>
    <subfield code="4">0</subfield>
    <subfield code="7">0</subfield>
    <subfield code="a">L</subfield>
    <subfield code="b">L</subfield>
    <subfield code="d">2008-11-25</subfield>
    <subfield code="e">Purchase</subfield>
    <subfield code="g">169.00</subfield>
    <subfield code="l">33</subfield>
    <subfield code="m">2</subfield>
    <subfield code="o">DVD JEWE</subfield>
    <subfield code="p">DVD-001334</subfield>
    <subfield code="r">2016-09-10 00:00:00</subfield>
    <subfield code="s">2016-08-11</subfield>
    <subfield code="t">1</subfield>
    <subfield code="v">169.00</subfield>
    <subfield code="w">2008-11-25</subfield>
    <subfield code="y">CF</subfield>
  </datafield>
  <datafield tag="952" ind1=" " ind2=" ">
    <subfield code="0">0</subfield>
    <subfield code="1">0</subfield>
    <subfield code="2">ddc</subfield>
    <subfield code="4">0</subfield>
    <subfield code="7">0</subfield>
    <subfield code="a">ZLS</subfield>
    <subfield code="b">ZLS</subfield>
    <subfield code="d">2008-11-25</subfield>
    <subfield code="e">Purchase</subfield>
    <subfield code="g">169.00</subfield>
    <subfield code="l">12</subfield>
    <subfield code="m">1</subfield>
    <subfield code="o">DVD JEWE</subfield>
    <subfield code="p">DVD-001335</subfield>
    <subfield code="r">2015-06-15 00:00:00</subfield>
    <subfield code="s">2015-06-05</subfield>
    <subfield code="t">1</subfield>
    <subfield code="v">169.00</subfield>
    <subfield code="w">2008-11-25</subfield>
    <subfield code="y">CF</subfield>
  </datafield>
  <datafield tag="952" ind1=" " ind2=" ">
    <subfield code="0">0</subfield>
    <subfield code="1">0</subfield>
    <subfield code="2">ddc</subfield>
    <subfield code="4">0</subfield>
    <subfield code="7">0</subfield>
    <subfield code="a">BL1</subfield>
    <subfield code="b">BL1</subfield>
    <subfield code="d">2008-11-25</subfield>
    <subfield code="e">Purchase</subfield>
    <subfield code="g">169.00</subfield>
    <subfield code="l">13</subfield>
    <subfield code="o">DVD JEWE</subfield>
    <subfield code="p">DVD-001336</subfield>
    <subfield code="r">2015-09-15 00:00:00</subfield>
    <subfield code="s">2015-08-17</subfield>
    <subfield code="t">1</subfield>
    <subfield code="v">169.00</subfield>
    <subfield code="w">2008-11-25</subfield>
    <subfield code="y">CF</subfield>
  </datafield>
  <datafield tag="952" ind1=" " ind2=" ">
    <subfield code="0">0</subfield>
    <subfield code="1">0</subfield>
    <subfield code="2">ddc</subfield>
    <subfield code="4">0</subfield>
    <subfield code="7">0</subfield>
    <subfield code="a">JP</subfield>
    <subfield code="b">JP</subfield>
    <subfield code="d">2009-11-18</subfield>
    <subfield code="e">Pioneers/885/29-10-09/325/13-10-09 /06-11-09 </subfield>
    <subfield code="g">169.00</subfield>
    <subfield code="l">12</subfield>
    <subfield code="m">1</subfield>
    <subfield code="o">DVD JEWE</subfield>
    <subfield code="p">DVD-004749</subfield>
    <subfield code="r">2012-07-23 00:00:00</subfield>
    <subfield code="s">2012-07-16</subfield>
    <subfield code="t">1</subfield>
    <subfield code="v">169.00</subfield>
    <subfield code="w">2009-11-18</subfield>
    <subfield code="y">CF</subfield>
  </datafield>
  <datafield tag="952" ind1=" " ind2=" ">
    <subfield code="0">0</subfield>
    <subfield code="1">0</subfield>
    <subfield code="2">ddc</subfield>
    <subfield code="4">0</subfield>
    <subfield code="7">0</subfield>
    <subfield code="a">RKP</subfield>
    <subfield code="b">RKP</subfield>
    <subfield code="d">2009-11-18</subfield>
    <subfield code="e">Pioneers/885/29-10-09/325/13-10-09 /06-11-09 </subfield>
    <subfield code="g">169.00</subfield>
    <subfield code="l">3</subfield>
    <subfield code="m">2</subfield>
    <subfield code="o">DVD JEWE</subfield>
    <subfield code="p">DVD-004750</subfield>
    <subfield code="r">2015-04-13 00:00:00</subfield>
    <subfield code="s">2013-10-07</subfield>
    <subfield code="t">1</subfield>
    <subfield code="v">169.00</subfield>
    <subfield code="w">2009-11-18</subfield>
    <subfield code="y">CF</subfield>
  </datafield>
  <datafield tag="952" ind1=" " ind2=" ">
    <subfield code="0">0</subfield>
    <subfield code="1">0</subfield>
    <subfield code="2">ddc</subfield>
    <subfield code="4">0</subfield>
    <subfield code="7">0</subfield>
    <subfield code="a">VP</subfield>
    <subfield code="b">VP</subfield>
    <subfield code="d">2009-11-18</subfield>
    <subfield code="e">Pioneers/885/29-10-09/325/13-10-09 /06-11-09 </subfield>
    <subfield code="g">169.00</subfield>
    <subfield code="l">1</subfield>
    <subfield code="o">DVD JEWE</subfield>
    <subfield code="p">DVD-004751</subfield>
    <subfield code="r">2010-09-23 00:00:00</subfield>
    <subfield code="s">2010-09-09</subfield>
    <subfield code="t">1</subfield>
    <subfield code="v">169.00</subfield>
    <subfield code="w">2009-11-18</subfield>
    <subfield code="y">CF</subfield>
  </datafield>
  <datafield tag="952" ind1=" " ind2=" ">
    <subfield code="0">0</subfield>
    <subfield code="1">0</subfield>
    <subfield code="2">ddc</subfield>
    <subfield code="4">0</subfield>
    <subfield code="7">0</subfield>
    <subfield code="a">BL3</subfield>
    <subfield code="b">BL3</subfield>
    <subfield code="d">2009-11-18</subfield>
    <subfield code="e">Pioneers/885/29-10-09/325/13-10-09 /06-11-09 </subfield>
    <subfield code="g">169.00</subfield>
    <subfield code="l">14</subfield>
    <subfield code="o">DVD JEWE</subfield>
    <subfield code="p">DVD-004752</subfield>
    <subfield code="r">2015-04-13 00:00:00</subfield>
    <subfield code="s">2015-04-01</subfield>
    <subfield code="t">1</subfield>
    <subfield code="v">169.00</subfield>
    <subfield code="w">2009-11-18</subfield>
    <subfield code="y">CF</subfield>
  </datafield>
  <datafield tag="952" ind1=" " ind2=" ">
    <subfield code="0">0</subfield>
    <subfield code="1">0</subfield>
    <subfield code="2">ddc</subfield>
    <subfield code="4">0</subfield>
    <subfield code="7">0</subfield>
    <subfield code="a">NR</subfield>
    <subfield code="b">NR</subfield>
    <subfield code="d">2009-11-18</subfield>
    <subfield code="e">Pioneers/885/29-10-09/325/13-10-09 /06-11-09 </subfield>
    <subfield code="g">169.00</subfield>
    <subfield code="l">4</subfield>
    <subfield code="o">DVD JEWE</subfield>
    <subfield code="p">DVD-004753</subfield>
    <subfield code="r">2012-09-29 00:00:00</subfield>
    <subfield code="s">2012-09-23</subfield>
    <subfield code="t">1</subfield>
    <subfield code="v">169.00</subfield>
    <subfield code="w">2009-11-18</subfield>
    <subfield code="y">CF</subfield>
  </datafield>
</record>
